000
00447nam a2200145Ia 4500
008
100204s9999 xx 000 0 und d
082
_b
11849
100
_a
लेले प्रतिभा
245
_a
चतूर गोष्टी
260
_b
नीहारा प्रकाशन पुणे
_c
1989
300
_a
67
630
_a
चतूर गोष्टी
730
_a
चतूर गोष्टी
942
_c
BOOK
999
_c
456261
_d
456258